000 00841nam a22002771i 4500
001 1911
003 Uk
005 20250701140958.0
020 _a9781407157375 (pbk.) :
_c£4.99
040 _aStDuBDS
_beng
_cStDuBDS
_dUk
_erda
082 0 4 _a813.54
_223
100 1 _aStine, R. L.,
_eauthor.
245 1 4 _aThe ghost next door /
_cR.L. Stine.
260 _aLondon
_bScholastic,
_c1993
300 _a124 pages, 11 unnumbered pages of plates ;
_c20 cm
490 0 _aGoosebumps
500 _aOriginally published: 1993.
500 _aFormerly CIP.
_5Uk
505 _aK
520 _aHannah's boring summer changes when a new boy, who seems to disappear in the strangest ways, moves in next door.
521 _a580
_bLexile
521 _aK
_bRaz-Plus
655 0 _aGhost stories.
655 0 _aChildren's stories.
942 _2ddc
_cBK
_n0
999 _c1911
_d1911